=LDR 00000nam 2200000 4500 =001 000896 =005 20250712120951 =035 ##$$a 0010-0725000774 =007 ta =008 250712################a##########0#ind## =020 ##$$a 978-623-307-365-3 =082 ##$$a 398.209 598 =084 ##$$a 398.209 598 KAR a =100 #$$a Karthik, Lavanya =245 1#$$a Apa yang Ano Lihat? /$c Lavanya Karthik =260 ##$$a Jakarta :$b Badan Pengembangan dan Pembinaan Bahasa,$c 2022 =300 ##$$a 14 hlm. : $b ilus. ; $c 21 cm =650 #4$$a Cerita Anak Indonesia-Terjemahan =650 #4$$a Literasi-Bahan Bacaan =856 ##$$a TBM As Suhada =990 ##$$a TBM202400693